Focus East Midlands offices and retail (Record no. 78358)
[ view plain ]
| 000 -LEADER | |
|---|---|
| fixed length control field | 01273cab a2200241 4500 |
| 001 - CONTROL NUMBER | |
| control field | L136590 |
| 008 - FIXED-LENGTH DATA ELEMENTS--GENERAL INFORMATION | |
| fixed length control field | 070209n2007 000 0 eng u |
| 035 ## - SYSTEM CONTROL NUMBER | |
| System control number | (Sirsi) u136590 |
| 041 0# - LANGUAGE CODE | |
| Language code of text/sound track or separate title | eng |
| 100 1# - MAIN ENTRY--PERSONAL NAME | |
| Personal name | Pilkington, Lisa |
| 245 00 - TITLE STATEMENT | |
| Title | Focus East Midlands offices and retail |
| 260 ## - PUBLICATION, DISTRIBUTION, ETC. | |
| Date of publication, distribution, etc. | 2007 |
| 490 00 - SERIES STATEMENT | |
| Series statement | Estates Gazette |
| Volume/sequential designation | (0705) 3 February 2007, 147-177(18) |
| 520 ## - SUMMARY, ETC. | |
| Summary, etc. | Looks at two major office developments in Nottingham city centre and reports on the proposals. Covers the Broadmarsh retail redevelopment in Nottingham asking whether it will go ahead after seven years of waiting. Looks at the likely increase in office space in Leicester city centre. Examines the planned regeneration in Lincoln which will join the city's cathedral and university to the retail centre. Asks whether a 20-year masterplan could put Derby back on the map. Covers the residential growth in Northants and argues that developers who saw potential in the area years ago are being proven right as commercial schemes spring up. |
| 590 ## - LOCAL NOTE (RLIN) | |
| Local note | KA |
| 651 #4 - SUBJECT ADDED ENTRY--GEOGRAPHIC NAME | |
| Geographic name | EAST MIDLANDS |
| 690 ## - LOCAL SUBJECT ADDED ENTRY--TOPICAL TERM (OCLC, RLIN) | |
| Topical term or geographic name as entry element | PROPERTY-COMMERCIAL PROPERTY-COMMERCIAL PROPERTY MARKET |
| 700 1# - ADDED ENTRY--PERSONAL NAME | |
| Personal name | Quinn, David |
| 700 1# - ADDED ENTRY--PERSONAL NAME | |
| Personal name | Halstead, Ian |
| 700 1# - ADDED ENTRY--PERSONAL NAME | |
| Personal name | Redford, Kirstie |
| 700 1# - ADDED ENTRY--PERSONAL NAME | |
| Personal name | Robson, Claire |
| 942 ## - ADDED ENTRY ELEMENTS (KOHA) | |
| Suppress in OPAC | 0 |
| Withdrawn status | Lost status | Source of classification or shelving scheme | Damaged status | Not for loan | Home library | Current library | Shelving location | Date acquired | Total Checkouts | Full call number | Barcode | Date last seen | Copy number | Price effective from | Koha item type |
|---|---|---|---|---|---|---|---|---|---|---|---|---|---|---|---|
| Dewey Decimal Classification | London | London | Journal article | 09/02/2007 | L136590 | 136590-1001 | 06/08/2019 | 1 | 06/08/2019 | Journal article |